000 00298nam a2200109Ia 4500
008 190914s9999||||xx |||||||||||||| ||und||
100 _aMunir ,Arshad
245 0 _aInternational Bhurban Conference on Applied Science and Technology
260 _aUSA
_bMcGraw Hill
_c1998
300 _a218
942 _cBK
999 _c8423
_d8423